K některým otázkám řízení silniční dopravy

Bibliographic Details
Main Author: Ryba, Jaroslav (Author)
Format: Article
Language:Czech
Subjects:

MARC

LEADER 00000nab a2200000 a 4500
001 vtls000326489
003 SK-MaSNL
005 20260303232459.0
008 160201c1987 xo 0 cze
015 |a SNBRA19rr/mm-uuuuu 
035 |a CL0326611 
040 |a SNKBUCL  |b slo  |c SNKBUCL  |e AACR2 
041 0 |a cze 
044 |a xo  |c SK 
080 |a 656.1  |2 1981 
080 |a 338.2(437)  |2 1981 
100 1 |a Ryba, Jaroslav  |4 aut  |9 928618 
245 1 0 |a K některým otázkám řízení silniční dopravy  |c Jaroslav Ryba 
650 0 7 |a mechanizmus hospodársky  |2 snkbucl  |9 385380 
650 0 7 |a cestná doprava  |2 snkbucl  |9 1776 
650 0 7 |a ČSSR  |2 snkbucl  |9 335647 
655 7 |a články zo zborníkov  |2 snkbucl  |9 166140 
773 0 |t Racionalizácia v cestnej doprave  |d Žilina : Dom techniky ČSVTS, 1987 
850 |a Slovenská národná knižnica v Martine  |a MTA001 
852 |a SNK  |b KIS3GCP 
958 |a RK 
958 |a CZ 
992 |a RZB 
999 |c 2272153  |d 2274083